| 000 | 00483nam a2200169Ia 4500 | ||
|---|---|---|---|
| 008 | 220216s9999 xx 000 0 und d | ||
| 100 | _aWibawa G | ||
| 245 | 0 | _aStudy of the component interactions in Hevea-based intercropping systems | |
| 260 | _bPapers presented at IRRDB seminar 5-8 November 1996 Sri Lanka p24-26 | ||
| 650 | _aHevea | ||
| 650 | _aIntercropping | ||
| 700 | _aGunawan A | ||
| 700 | _aRosyid M J | ||
| 700 | _aTambunan D | ||
| 700 | _aThomas W | ||
| 942 | _cJS | ||
| 999 |
_c69799 _d69799 |
||